[Event "Baltija Cup op-A"]
[Site "Palanga"]
[Date "2011.06.20"]
[Round "3"]
[White "Ralys, Vincas"]
[Black "Putka, Verner"]
[Result "0-1"]
[WhiteElo "1900"]
[BlackElo "2297"]
[PlyCount "48"]
[EventDate "2011.06.19"]
[EventType "swiss"]
[EventRounds "8"]
[EventCountry "LTU"]
[SourceTitle "EXT 2012"]
[Source "ChessBase"]
[SourceDate "2011.11.24"]
[SourceVersion "1"]
[SourceVersionDate "2011.11.24"]
[SourceQuality "1"]

1. e4 e5 2. Nf3 Nf6 3. d4 Nxe4 4. Bd3 d5 5. 0-0 exd4 6. Re1 Be7 7. Bxe4 dxe4 8. Rxe4 Nc6 9. Nbd2 0-0 10. Nb3 Bf6 11. Bf4 Bf5 12. Re1 a5 13. Nc5 Qd5 14. Nd3 Bxd3 15. Qxd3 Nb4 16. Qd2 Qf5 17. Rec1 c5 18. a3 Nc6 19. b4 axb4 20. axb4 Rxa1 21. Rxa1 Nxb4 22. Rc1 h6 23. h3 Ra8 24. Qe2 Qxf4 0-1

[Event "LTU-ch U18"]
[Site "Siauliai"]
[Date "2011.03.20"]
[Round "6"]
[White "Ralys, Vincas"]
[Black "Simanaitis, Vytautas"]
[Result "1/2-1/2"]
[WhiteElo "1899"]
[BlackElo "1956"]
[PlyCount "79"]
[EventDate "2011.03.17"]
[EventType "swiss"]
[EventRounds "7"]
[EventCountry "LTU"]
[SourceTitle "EXT 2022"]
[Source "ChessBase"]
[SourceDate "2021.10.06"]
[SourceVersion "1"]
[SourceVersionDate "2021.10.06"]
[SourceQuality "1"]

1. e4 e5 2. Nf3 Nc6 3. Bb5 Nf6 4. 0-0 Nxe4 5. d4 Nd6 6. Bxc6 dxc6 7. dxe5 Nf5 8. Qe2 Nd4 9. Nxd4 Qxd4 10. c3 Qg4 11. f3 Qg6 12. Be3 Bf5 13. Rd1 Be7 14. Nd2 Rd8 15. Nf1 0-0 16. Rxd8 Rxd8 17. Rd1 Rxd1 18. Qxd1 Qe6 19. g4 Bg6 20. f4 Be4 21. f5 Qxe5 22. Qd7 Bf8 23. Qd8 c5 24. Qd2 Bd6 25. Qf2 Bc6 26. Qh4 Qe4 27. Qh3 Qh1+ 28. Kf2 Bb5 29. Qg2 Qxg2+ 30. Kxg2 Bxf1+ 31. Kxf1 Bxh2 32. Bxc5 b6 33. Be3 Be5 34. Ke2 Kf8 35. Kd3 Ke7 36. Ke4 Kd6 37. Bf2 a6 38. Be3 f6 39. Bd2 c5 40. b3 1/2-1/2

[Event "Plunge op 30th"]
[Site "Plunge"]
[Date "2010.07.24"]
[Round "6"]
[White "Lukosius, Rimvydas"]
[Black "Ralys, Vincas"]
[Result "0-1"]
[WhiteElo "1849"]
[BlackElo "1914"]
[PlyCount "57"]
[EventDate "2010.07.21"]
[EventType "swiss"]
[EventRounds "7"]
[EventCountry "LTU"]
[SourceTitle "EXT 2012"]
[Source "ChessBase"]
[SourceDate "2011.11.24"]
[SourceVersion "1"]
[SourceVersionDate "2011.11.24"]
[SourceQuality "1"]

1. e4 e5 2. Nf3 Nc6 3. Bb5 a6 4. Ba4 Nf6 5. 0-0 Be7 6. Re1 b5 7. Bb3 d6 8. c3 Bg4 9. a4 0-0 10. d3 b4 11. h3 Bh5 12. g4 Bg6 13. g5 Nh5 14. Bd5 Qd7 15. Kh2 Rab8 16. Rg1 Na5 17. cxb4 Rxb4 18. Nc3 c6 19. Ba2 d5 20. Nxe5 Bd6 21. f4 Bxe5 22. fxe5 d4 23. Ne2 Qe7 24. Rg2 Qxe5+ 25. Kg1 Kh8 26. Qe1 Rbb8 27. b4 Nb7 28. Bb2 Nf4 29. Bxd4 0-1

[Event "Plunge op 30th"]
[Site "Plunge"]
[Date "2010.07.23"]
[Round "4"]
[White "Savickiene, Viktorija"]
[Black "Ralys, Vincas"]
[Result "1-0"]
[WhiteElo "2052"]
[BlackElo "1914"]
[PlyCount "91"]
[EventDate "2010.07.21"]
[EventType "swiss"]
[EventRounds "7"]
[EventCountry "LTU"]
[SourceTitle "EXT 2012"]
[Source "ChessBase"]
[SourceDate "2011.11.24"]
[SourceVersion "1"]
[SourceVersionDate "2011.11.24"]
[SourceQuality "1"]

1. d4 d5 2. c4 c6 3. Nc3 e5 4. dxe5 d4 5. Ne4 Qa5+ 6. Nd2 Qxe5 7. Ngf3 Qd6 8. a3 Nf6 9. b4 a5 10. c5 Qd5 11. Bb2 axb4 12. axb4 Rxa1 13. Qxa1 Na6 14. Qa5 Be7 15. Nxd4 0-0 16. e3 b6 17. Qxb6 Bd8 18. Qxc6 Qa2 19. Qxc8 Nxb4 20. Qf5 Qxb2 21. Be2 Qc1+ 22. Bd1 Qc3 23. N4b3 Nd3+ 24. Ke2 Nb4 25. Re1 g6 26. Qb1 Ng4 27. Kf1 Nxf2 28. Kxf2 Nd3+ 29. Ke2 Nxe1 30. Kxe1 Qxe3+ 31. Kf1 Re8 32. Nf3 g5 33. Qf5 h5 34. h3 g4 35. hxg4 hxg4 36. Qxg4+ Kf8 37. Qd4 Bg5 38. c6 Rc8 39. Qh8+ Ke7 40. Qxc8 Qd3+ 41. Be2 Qb1+ 42. Kf2 Qxb3 43. Nxg5 Qb6+ 44. Kf3 Qb3+ 45. Kf4 Qc3 46. Qd7+ 1-0

[Event "EU-ch U16 19th"]
[Site "Fermo"]
[Date "2009.09.09"]
[Round "9"]
[White "Piscitelli, Vito"]
[Black "Ralys, Vincas"]
[Result "0-1"]
[WhiteElo "2067"]
[BlackElo "1868"]
[PlyCount "38"]
[EventDate "2009.08.31"]
[EventType "swiss"]
[EventRounds "9"]
[EventCountry "ITA"]
[SourceTitle "CBM 132 Extra"]
[Source "ChessBase"]
[SourceDate "2009.11.03"]
[SourceVersion "1"]
[SourceVersionDate "2009.11.03"]
[SourceQuality "1"]

1. e4 e5 2. Bc4 Nf6 3. d4 Nxe4 4. dxe5 c6 5. Qe2 Nc5 6. Nf3 b5 7. Bd3 d6 8. 0-0 Be6 9. Re1 Nbd7 10. exd6 Bxd6 11. Ng5 Ne5 12. Nc3 Nexd3 13. cxd3 h6 14. Nxf7 Kxf7 15. d4 Qh4 16. Qf3+ Kg8 17. dxc5 Qxh2+ 18. Kf1 Bc4+ 19. Ne2 Qh1# 0-1

[Event "EU-ch U16 19th"]
[Site "Fermo"]
[Date "2009.09.07"]
[Round "7"]
[White "Ralys, Vincas"]
[Black "Rasulo, Stefano"]
[Result "1-0"]
[WhiteElo "1868"]
[BlackElo "1794"]
[PlyCount "37"]
[EventDate "2009.08.31"]
[EventType "swiss"]
[EventRounds "9"]
[EventCountry "ITA"]
[SourceTitle "CBM 132 Extra"]
[Source "ChessBase"]
[SourceDate "2009.11.03"]
[SourceVersion "1"]
[SourceVersionDate "2009.11.03"]
[SourceQuality "1"]

1. e4 c5 2. Nf3 d6 3. d4 cxd4 4. Nxd4 Nf6 5. Nc3 a6 6. Bg5 e6 7. f4 Be7 8. Qf3 Qc7 9. 0-0-0 Nbd7 10. g4 b5 11. Bxf6 Nxf6 12. g5 Nd7 13. f5 Bxg5+ 14. Kb1 e5 15. Nd5 Qc5 16. Qh5 Bd8 17. Ne6 g6 18. fxg6 fxg6 19. Qf3 1-0

[Event "EU-ch U16 19th"]
[Site "Fermo"]
[Date "2009.09.06"]
[Round "6"]
[White "Setala, Ilmo"]
[Black "Ralys, Vincas"]
[Result "1-0"]
[WhiteElo "1766"]
[BlackElo "1868"]
[PlyCount "75"]
[EventDate "2009.08.31"]
[EventType "swiss"]
[EventRounds "9"]
[EventCountry "ITA"]
[SourceTitle "CBM 132 Extra"]
[Source "ChessBase"]
[SourceDate "2009.11.03"]
[SourceVersion "1"]
[SourceVersionDate "2009.11.03"]
[SourceQuality "1"]

1. d4 d5 2. c4 c6 3. Nf3 Nf6 4. Nc3 dxc4 5. a4 Bf5 6. Ne5 Nbd7 7. Nxc4 Nb6 8. Ne5 e6 9. f3 Bb4 10. Bg5 Nbd5 11. Rc1 h6 12. Bd2 Nb6 13. e4 Qxd4 14. Nd3 Bh7 15. Nxb4 Qxb4 16. a5 Nbd7 17. Nb5 Qxb2 18. Nc7+ Ke7 19. Nxa8 Rxa8 20. Rb1 Qd4 21. Rxb7 Kf8 22. Qc1 Nc5 23. Bb4 Nfxe4 24. fxe4 Qxe4+ 25. Be2 Kg8 26. Bxc5 Qxg2 27. Rg1 Qxh2 28. Qc3 Bg6 29. Qg3 Qxg3+ 30. Rxg3 a6 31. Ra7 Rb8 32. Rxa6 Rb1+ 33. Kf2 Rb2 34. Rxc6 Ra2 35. Rxg6 fxg6 36. a6 Kf7 37. a7 Ke8 38. Rc8+ 1-0

[Event "EU-ch U16 19th"]
[Site "Fermo"]
[Date "2009.08.31"]
[Round "1"]
[White "Ralys, Vincas"]
[Black "Aghasaryan, Robert"]
[Result "0-1"]
[WhiteElo "1868"]
[BlackElo "2240"]
[PlyCount "68"]
[EventDate "2009.08.31"]
[EventType "swiss"]
[EventRounds "9"]
[EventCountry "ITA"]
[SourceTitle "CBM 132 Extra"]
[Source "ChessBase"]
[SourceDate "2009.11.03"]
[SourceVersion "1"]
[SourceVersionDate "2009.11.03"]
[SourceQuality "1"]

1. e4 c5 2. Nf3 e6 3. d4 cxd4 4. Nxd4 Nf6 5. Nc3 d6 6. Bg5 h6 7. Bh4 Be7 8. Qf3 Nbd7 9. Bb5 a6 10. Bxd7+ Bxd7 11. 0-0-0 Rc8 12. Bg3 Qa5 13. Nb3 Qc7 14. Rhe1 Bc6 15. Qd3 e5 16. f4 0-0 17. fxe5 dxe5 18. Nd5 Bxd5 19. exd5 Bd6 20. Bh4 Nxd5 21. Rd2 Be7 22. Qxd5 Bxh4 23. Rxe5 Bg5 24. Rxg5 hxg5 25. Qxg5 Qxh2 26. Nd4 Rfd8 27. c3 Qh6 28. Qg4 b5 29. Nf3 Rxd2 30. Nxd2 Rd8 31. Qe2 Qf4 32. a3 Rd6 33. g3 Qxg3 34. Ne4 Qf4+ 0-1

[Event "Panevezys op-A"]
[Site "Panevezys"]
[Date "2009.08.19"]
[Round "4"]
[White "Kuvsinov, Anatolij"]
[Black "Ralys, Vincas"]
[Result "1-0"]
[WhiteElo "1984"]
[BlackElo "1868"]
[PlyCount "55"]
[EventDate "2009.08.17"]
[EventType "swiss"]
[EventRounds "9"]
[EventCountry "LTU"]
[SourceTitle "CBM 131 Extra"]
[Source "ChessBase"]
[SourceDate "2009.09.03"]
[SourceVersion "2"]
[SourceVersionDate "2009.09.16"]
[SourceQuality "1"]

1. e4 e5 2. Nf3 Nc6 3. Bb5 a6 4. Ba4 Nf6 5. Qe2 d6 6. c4 Bg4 7. h3 Bh5 8. g4 Bg6 9. d3 Be7 10. Nc3 0-0 11. Nd5 Nxd5 12. cxd5 Na7 13. Be3 c6 14. Bb3 Bh4 15. Bxa7 Rxa7 16. Qe3 Ra8 17. g5 f5 18. Nxh4 fxe4 19. Nxg6 hxg6 20. dxc6+ Kh7 21. cxb7 Rb8 22. Qxe4 Rxb7 23. 0-0-0 a5 24. Kb1 a4 25. Bd5 Rb6 26. Rhg1 Qb8 27. Rd2 Qa7 28. Rg4 1-0

[Event "Panevezys op-A"]
[Site "Panevezys"]
[Date "2009.08.18"]
[Round "3"]
[White "Petraitis, Gintautas"]
[Black "Ralys, Vincas"]
[Result "1-0"]
[WhiteElo "2028"]
[BlackElo "1868"]
[PlyCount "51"]
[EventDate "2009.08.17"]
[EventType "swiss"]
[EventRounds "9"]
[EventCountry "LTU"]
[SourceTitle "CBM 131 Extra"]
[Source "ChessBase"]
[SourceDate "2009.09.03"]
[SourceVersion "2"]
[SourceVersionDate "2009.09.16"]
[SourceQuality "1"]

1. e4 e5 2. Nf3 Nc6 3. Bb5 a6 4. Bxc6 dxc6 5. Nc3 Bg4 6. h3 Bxf3 7. Qxf3 Qd7 8. d3 0-0-0 9. Be3 Bb4 10. 0-0 h5 11. Na4 Nh6 12. Rfd1 c5 13. Nxc5 Bxc5 14. Bxc5 g5 15. Qf6 h4 16. d4 Qb5 17. a4 Qe2 18. Re1 Qh5 19. Qxe5 Rhe8 20. Be7 f5 21. exf5 g4 22. f6 Nf5 23. Qe6+ Kb8 24. Re5 gxh3 25. Qxf5 h2+ 26. Kxh2 1-0

[Event "LTU-ch sf"]
[Site "Vilnius"]
[Date "2009.02.19"]
[Round "9"]
[White "Ralys, Vincas"]
[Black "Dzenkauskas, Jurgis"]
[Result "1/2-1/2"]
[WhiteElo "1878"]
[BlackElo "1882"]
[PlyCount "23"]
[EventDate "2009.02.13"]
[EventType "swiss"]
[EventRounds "9"]
[EventCountry "LTU"]
[SourceTitle "CBM 128 Extra"]
[Source "ChessBase"]
[SourceDate "2009.03.05"]
[SourceVersion "2"]
[SourceVersionDate "2009.03.25"]
[SourceQuality "1"]

1. e4 c6 2. d4 d5 3. exd5 cxd5 4. Bd3 g6 5. c3 Bg7 6. Bf4 Nf6 7. Nd2 Nc6 8. Ngf3 Bg4 9. h3 Bxf3 10. Nxf3 a6 11. 0-0 0-0 12. a4 1/2-1/2

[Event "LTU-ch sf"]
[Site "Vilnius"]
[Date "2009.02.16"]
[Round "5"]
[White "Dobryninas, Julianas"]
[Black "Ralys, Vincas"]
[Result "1-0"]
[WhiteElo "2041"]
[BlackElo "1878"]
[PlyCount "55"]
[EventDate "2009.02.13"]
[EventType "swiss"]
[EventRounds "9"]
[EventCountry "LTU"]
[SourceTitle "CBM 128 Extra"]
[Source "ChessBase"]
[SourceDate "2009.03.05"]
[SourceVersion "2"]
[SourceVersionDate "2009.03.25"]
[SourceQuality "1"]

1. c4 c5 2. e4 Nc6 3. d3 e6 4. f4 d5 5. cxd5 exd5 6. e5 Bf5 7. Nf3 Nge7 8. Be2 Ng6 9. Qb3 Qd7 10. Nc3 Nb4 11. 0-0 0-0-0 12. Ne1 Kb8 13. a3 Nc6 14. Bf3 Be6 15. Ne2 Nh4 16. Qd1 g5 17. g3 Nxf3+ 18. Nxf3 g4 19. Nh4 Bf5 20. b4 cxb4 21. d4 Be4 22. axb4 Bxb4 23. Qb3 Be7 24. Ba3 Bxh4 25. Bd6+ Ka8 26. gxh4 Rhg8 27. Ng3 Nxd4 28. Rxa7+ 1-0

[Event "LTU-ch sf"]
[Site "Vilnius"]
[Date "2009.02.14"]
[Round "3"]
[White "Stojanas, Justinas"]
[Black "Ralys, Vincas"]
[Result "1-0"]
[WhiteElo "2105"]
[BlackElo "1878"]
[PlyCount "37"]
[EventDate "2009.02.13"]
[EventType "swiss"]
[EventRounds "9"]
[EventCountry "LTU"]
[SourceTitle "CBM 128 Extra"]
[Source "ChessBase"]
[SourceDate "2009.03.05"]
[SourceVersion "2"]
[SourceVersionDate "2009.03.25"]
[SourceQuality "1"]

1. e4 e5 2. f4 exf4 3. Nf3 g5 4. Bc4 Bg7 5. g3 g4 6. Nh4 d6 7. d4 f3 8. 0-0 Bf6 9. Bf4 Bxh4 10. gxh4 Qxh4 11. Nc3 Ne7 12. Qd2 Ng6 13. Nd5 0-0 14. Nxc7 Qh3 15. Rf2 Nc6 16. Nxa8 Nxd4 17. Bxd6 Be6 18. Bf1 Qh5 19. Bxf8 1-0

[Event "LTU-ch sf"]
[Site "Vilnius"]
[Date "2009.02.13"]
[Round "1"]
[White "Kudzma, Laimonas"]
[Black "Ralys, Vincas"]
[Result "0-1"]
[WhiteElo "2255"]
[BlackElo "1878"]
[PlyCount "100"]
[EventDate "2009.02.13"]
[EventType "swiss"]
[EventRounds "9"]
[EventCountry "LTU"]
[SourceTitle "CBM 128 Extra"]
[Source "ChessBase"]
[SourceDate "2009.03.05"]
[SourceVersion "2"]
[SourceVersionDate "2009.03.25"]
[SourceQuality "1"]

1. c4 c5 2. Nc3 Nf6 3. Nf3 e6 4. d4 cxd4 5. Nxd4 Bb4 6. g3 0-0 7. Bg2 d5 8. Qb3 Bc5 9. Be3 e5 10. Ne6 fxe6 11. Bxc5 Re8 12. cxd5 exd5 13. Nxd5 Nxd5 14. Qxd5+ Qxd5 15. Bxd5+ Kh8 16. Rd1 Nc6 17. 0-0 Be6 18. Bxe6 Rxe6 19. Rd7 b6 20. Be3 Rd8 21. Rxd8+ Nxd8 22. Rd1 Nc6 23. Rd7 h6 24. Rc7 Kg8 25. Kg2 Kh7 26. Kf3 e4+ 27. Kg2 Rd6 28. a3 Kg6 29. b4 Kh7 30. b5 Na5 31. Rxa7 Nc4 32. Bf4 Rd1 33. Re7 Nxa3 34. Be5 Kg8 35. Rxg7+ Kf8 36. Rg6 Nxb5 37. Rxb6 Rd5 38. Bg7+ Kxg7 39. Re6 Nc3 40. h4 Rd2 41. e3 Nd1 42. Rxe4 Rxf2+ 43. Kh3 Re2 44. Rd4 Nxe3 45. g4 Nf1 46. Rd7+ Kf8 47. g5 h5 48. Rf7+ Kxf7 49. g6+ Kg8 50. g7 Rh2# 0-1

[Event "Wch U16"]
[Site "Vung Tau"]
[Date "2008.10.30"]
[Round "11"]
[White "Ralys, Vincas"]
[Black "Setiabudi, Allen"]
[Result "1/2-1/2"]
[WhiteElo "1900"]
[BlackElo "1865"]
[PlyCount "49"]
[EventDate "2008.10.20"]
[EventType "swiss"]
[EventRounds "11"]
[EventCountry "VIE"]
[SourceTitle "EXT 2009"]
[Source "ChessBase"]
[SourceDate "2008.11.26"]
[SourceVersion "1"]
[SourceVersionDate "2008.11.26"]
[SourceQuality "1"]

1. e4 c5 2. Nf3 e6 3. d4 cxd4 4. Nxd4 a6 5. Bd3 Qc7 6. 0-0 Nf6 7. c4 b6 8. Nc3 Bb7 9. Be3 d6 10. f4 Nbd7 11. Rc1 Nc5 12. Bb1 Ncxe4 13. Nxe4 Nxe4 14. Bxe4 Bxe4 15. f5 e5 16. Qg4 Bb7 17. f6 g6 18. Ne6 Qc8 19. Ng7+ Bxg7 20. fxg7 Rg8 21. Qh4 f5 22. Qf6 Qd7 23. Rfd1 Qe7 24. Rxd6 Qxf6 25. Rxf6 1/2-1/2